000 00367nam a22001217a 4500
008 230724b |||||||| |||| 00| 0 eng d
022 _a0972-4923
040 _aNational Science Library
_cNational Science Library
245 _aConservation and society
260 _aMumbai:
_bMedknow Publications and Media Pvt. Ltd.,
_c2003
310 _aQuarterly
942 _cCR
_2udc
999 _c54627
_d54627